00229nam a2200097Ia 4500008004100000041000800041082001600049100001900065245003800084260000900122240625s9999 xx 000 0 und d aeng a519.535 AND aROSS STEPHEN A aFUNDAMENTALS OF CORPORATE FINANCE c2004